000 00678nam a2200217 a 4500
001 000035942
003 DO-SdBNP
005 20221025095542.0
007 ta
008 110620s1963 dr ac r 000 0 spa d
040 _aDO-SdBNP
_bspa
_cBNPHU
082 _axxxx
_bR426c
110 _aRepública Dominicana.
_bMinisterio de Educación, Bellas Artes y Cultos
_957024
111 2 _961966
245 1 0 _aConstitución de la República Dominicana :
_bproclamada el 29 de abril de 1963
260 _aSanto Domingo :
_bMinisterio de Educación y Bellas Artes y Cultos,
_c1963.
300 _as. p. ;
_c28 cm.
590 _aInventariado, 2022 / DG
910 _aDG
942 _2ddc
_cLF2
999 _c52629
_d52629